[Event "HUN-chT2 Charousek 0708"]
[Site "Hungary"]
[Date "2008.03.16"]
[Round "8"]
[White "Ragats, Jozsef"]
[Black "Majeric, Zoran"]
[Result "1/2-1/2"]
[WhiteElo "2177"]
[BlackElo "2345"]
[PlyCount "85"]
[EventDate "2007.10.14"]
[EventType "team-tourn"]
[EventRounds "11"]
[EventCountry "HUN"]
[SourceTitle "EXT 2009"]
[Source "ChessBase"]
[SourceDate "2008.11.26"]
[SourceVersion "1"]
[SourceVersionDate "2008.11.26"]
[SourceQuality "1"]
[WhiteTeam "Nagykanizsa II"]
[BlackTeam "Lovo"]
[WhiteTeamCountry "HUN"]
[BlackTeamCountry "HUN"]

1. d4 Nf6 2. Nf3 e6 3. Bg5 c5 4. e3 b6 5. Nbd2 Bb7 6. Bd3 Be7 7. c3 d6 8. 0-0 Nbd7 9. Re1 0-0 10. Rc1 Re8 11. a4 Rb8 12. e4 e5 13. Bxf6 Bxf6 14. d5 Bc8 15. Nf1 Nf8 16. Bb5 Re7 17. Ne3 a6 18. Bf1 b5 19. axb5 axb5 20. Ra1 g6 21. Qc2 Bg7 22. c4 b4 23. Bd3 Qb6 24. b3 Ra7 25. Qb2 Rba8 26. Nc2 f5 27. Rxa7 Rxa7 28. Ra1 Nd7 29. Nd2 Bh6 30. Ne3 Bg7 31. Ra2 Nf6 32. Qa1 Rxa2 33. Qxa2 fxe4 34. Nxe4 Nxe4 35. Bxe4 Bh6 36. h3 Bxe3 37. fxe3 Kg7 38. Qa8 Qb7 39. Qxb7+ Bxb7 40. Kf2 Kf6 41. Bf3 Bc8 42. g4 Bd7 43. e4 1/2-1/2

[Event "HUN-chT2 Charousek 0708"]
[Site "Hungary"]
[Date "2008.02.17"]
[Round "6"]
[White "Zoldi, Zoltan"]
[Black "Ragats, Jozsef"]
[Result "1/2-1/2"]
[WhiteElo "2171"]
[BlackElo "2177"]
[PlyCount "50"]
[EventDate "2007.10.14"]
[EventType "team-tourn"]
[EventRounds "11"]
[EventCountry "HUN"]
[SourceTitle "EXT 2009"]
[Source "ChessBase"]
[SourceDate "2008.11.26"]
[SourceVersion "1"]
[SourceVersionDate "2008.11.26"]
[SourceQuality "1"]
[WhiteTeam "Gyor Elektromos"]
[BlackTeam "Nagykanizsa II"]
[WhiteTeamCountry "HUN"]
[BlackTeamCountry "HUN"]

1. c4 Nf6 2. Nc3 c5 3. Nf3 Nc6 4. g3 g6 5. Bg2 Bg7 6. d4 cxd4 7. Nxd4 0-0 8. Nc2 d6 9. 0-0 Be6 10. Ne3 Qd7 11. Ned5 Bh3 12. e4 Bxg2 13. Kxg2 Ng4 14. Qe2 Nge5 15. Bg5 h6 16. Be3 e6 17. Nf4 Qe7 18. Rac1 Rac8 19. b3 Kh7 20. Rfd1 a6 21. Na4 Rfd8 22. Bb6 Re8 23. c5 dxc5 24. Bxc5 Qf6 25. Nb6 Rcd8 1/2-1/2

[Event "HUN-chT2 Charousek 0708"]
[Site "Hungary"]
[Date "2007.11.11"]
[Round "2"]
[White "Ragats, Jozsef"]
[Black "Jakab, Attila"]
[Result "0-1"]
[WhiteElo "2177"]
[BlackElo "2398"]
[PlyCount "50"]
[EventDate "2007.10.14"]
[EventType "team-tourn"]
[EventRounds "11"]
[EventCountry "HUN"]
[SourceTitle "EXT 2009"]
[Source "ChessBase"]
[SourceDate "2008.11.26"]
[SourceVersion "1"]
[SourceVersionDate "2008.11.26"]
[SourceQuality "1"]
[WhiteTeam "Nagykanizsa II"]
[BlackTeam "Taban Spartacus"]
[WhiteTeamCountry "HUN"]
[BlackTeamCountry "HUN"]

1. d4 c5 2. d5 e6 3. Nc3 Nf6 4. g3 exd5 5. Nxd5 Nxd5 6. Qxd5 Nc6 7. Bg5 Be7 8. Nf3 0-0 9. 0-0-0 Bxg5+ 10. Nxg5 d6 11. Qd2 d5 12. Bg2 h6 13. h4 d4 14. Qf4 Qe7 15. Bd5 Be6 16. Qe4 hxg5 17. hxg5 Qxg5+ 18. f4 Qf5 19. Qxf5 Bxf5 20. Rh5 g6 21. Rh6 Nb4 22. Bb3 Kg7 23. Rh2 Rh8 24. Rxh8 Rxh8 25. c3 Nc6 0-1